000 00631nam a2200217Ia 4500
003 IN-BaIIA
008 211028s9999 xx 000 0 eng d
020 _a0-442-22444-3
040 _cIIA Library
080 _a52
_bFRE
100 _aFredrick, Laurence W
_910596
245 0 _aAstronomy
_cLaurence W Fredrick and Robert H Baker
250 _a10th ed.
260 _aNew York
_bD. Van Nostrand
_c1976
300 _axvi, 559p.
650 _aAstronomy
_980
650 _aAstronomy and astrophysics thesaurus
650 _aAstrophysics
_9794
700 _aBaker, Robert H.
_93359
942 _cBK
999 _c6130
_d6130